Jugadores que acaban contrato en 2026 más valiosos - Estadísticas

Estadísticas generales
  • Esta prueba ha sido intentada 16 veces
  • La puntuación promedio es 11 de 22
Estadísticas de respuestas
Club actual Edad Posición Valor de Mercado Jugador % Correcto
Manchester City 31 MCO 27M Bernardo Silva
88%
Bayern de Múnich 27 DEF 70M Dayot Upamecano
81%
Liverpool 26 DEF 50M Ibrahima Konaté
81%
Milán 30 POR 25M Mike Maignan
81%
Juventus 25 DC 35M Dusan Vlahovic
75%
Crystal Palace 25 DEF 55M Marc Guéhi
69%
Celta de Vigo 26 LD 18M Óscar Mingueza
69%
Al Hilal 28 MCD 25M Rúben Neves
69%
Bayern de Múnich 30 ED 20M Serge Gnabry
63%
Manchester City 31 DEF 18M John Stones
56%
Borussia Dortmund 29 MCO 20M Julian Brandt
56%
Bayern de Múnich 30 MC 15M Leon Goretzka
50%
Juventus 27 MC 22M Weston McKennie
38%
Al Ittihad 32 MCD 13M Fabinho
31%
Bournemouth 28 DEF 22M Marcos Senesi
31%
Tottenham 29 MCD 15M Yves Bissouma
31%
Brentford 28 LI 15M Rico Henry
25%
Everton 26 LI 25M Vitaliy Mikolenko
19%
Fulham 28 ED 20M Harry Wilson
13%
Feyenoord 24 MC 25M Quinten Timber
13%
Fulham 25 LI 20M Ryan Sessegnon
13%
Brentford 27 MCD 18M Vitaly Janelt
13%
No se encontraron pruebas coincidentes
Distribución de puntuación
Porcentaje de gente con cada puntuación
Porcentaje por número respondido
Historial de tus puntuaciones
No has intentado esta prueba.